A Brief History of Schooling in the United States From Pre-Colonial Times to the Present /

"Janak offers a pithy, fast-paced, and often humorous introduction to the history of education. In this one-of-a-kind account, he invitingly guides readers through some of the field's challenging terrain while piquing interest in learning more." -Jackie M. Blount, Professor of Educati...

Πλήρης περιγραφή

Λεπτομέρειες βιβλιογραφικής εγγραφής
Κύριος συγγραφέας: Janak, Edward (Συγγραφέας, http://id.loc.gov/vocabulary/relators/aut)
Συγγραφή απο Οργανισμό/Αρχή: SpringerLink (Online service)
Μορφή: Ηλεκτρονική πηγή Ηλ. βιβλίο
Γλώσσα:English
Έκδοση: Cham : Springer International Publishing : Imprint: Palgrave Pivot, 2019.
Έκδοση:1st ed. 2019.
Σειρά:The Cultural and Social Foundations of Education
Θέματα:
Διαθέσιμο Online:Full Text via HEAL-Link
LEADER 04890nam a2200541 4500
001 978-3-030-24397-5
003 DE-He213
005 20191024061423.0
007 cr nn 008mamaa
008 190802s2019 gw | s |||| 0|eng d
020 |a 9783030243975  |9 978-3-030-24397-5 
024 7 |a 10.1007/978-3-030-24397-5  |2 doi 
040 |d GrThAP 
050 4 |a LA1-2396 
072 7 |a JNB  |2 bicssc 
072 7 |a EDU016000  |2 bisacsh 
072 7 |a JNB  |2 thema 
082 0 4 |a 370.09  |2 23 
100 1 |a Janak, Edward.  |e author.  |4 aut  |4 http://id.loc.gov/vocabulary/relators/aut 
245 1 2 |a A Brief History of Schooling in the United States   |h [electronic resource] :  |b From Pre-Colonial Times to the Present /  |c by Edward Janak. 
250 |a 1st ed. 2019. 
264 1 |a Cham :  |b Springer International Publishing :  |b Imprint: Palgrave Pivot,  |c 2019. 
300 |a XV, 109 p. 2 illus., 1 illus. in color.  |b online resource. 
336 |a text  |b txt  |2 rdacontent 
337 |a computer  |b c  |2 rdamedia 
338 |a online resource  |b cr  |2 rdacarrier 
347 |a text file  |b PDF  |2 rda 
490 1 |a The Cultural and Social Foundations of Education 
505 0 |a 1. Education in Precolonial/Colonial North America (pre 1776) -- 2. Education on the Revolutionary/Early National Period (1776 -1820s) -- 3. Education in the Common School Period (ca. 1830s -1860s) -- 4. Education in the Progressive Period (ca. 1890s - 1920s) -- 5. Education in the Five E's Period (1954-1983) -- 6. Education in the Neoliberal Period (1983 - Present). 
520 |a "Janak offers a pithy, fast-paced, and often humorous introduction to the history of education. In this one-of-a-kind account, he invitingly guides readers through some of the field's challenging terrain while piquing interest in learning more." -Jackie M. Blount, Professor of Educational Studies, Ohio State University, USA "This book's regular consideration of philosophical roots highlights the power of ideas in informing educational practice and reform in a given era, and its attention to legacies from the various historical episodes discussed encourages readers to view these developments as relevant antecedents to enduring educational problems." -Sevan G. Terzian, Professor, University of Florida, USA "This meaningful and concise work acknowledges distinctions within Eurocentric frameworks, while recognizing the valuable and diverse educational structures of indigenous peoples. Altogether a memorable introduction to education in the United States." -Benjamin A. Johnson, Associate Professor, Utah Valley University, USA This book presents a sweeping overview of the historical and philosophical foundations of schooling in the United States. Beginning with education among the indigenous peoples of the Americas and going on to explore European models of schooling brought into the United States by European colonists, the author carefully traces the arc of educational reform through major episodes of the nation's history. In doing so, Janak establishes links between schools, politics, and society to help readers understand the forces impacting educational policy from its earliest conception to the modern day. Chapters focus on the philosophical, political, and social concepts that shaped schooling of dominant and subcultures in the United States in each period. Far from being merely concerned with theoretical foundations, each chapter also presents a snapshot of the "nuts and bolts" of schooling during each period, examining issues such as pedagogical devices, physical plants, curricular decisions, and funding patterns. Edward Janak is Associate Professor in the Department of Educational Foundations and Leadership at the University of Toledo, USA. He is also the author of Politics, Disability, and Education Reform in the South: The Work of John Eldred Swearingen (2014). 
650 0 |a Education-History. 
650 0 |a Schools. 
650 0 |a Educational policy. 
650 0 |a Education and state. 
650 0 |a Philosophy and social sciences. 
650 1 4 |a History of Education.  |0 http://scigraph.springernature.com/things/product-market-codes/O44000 
650 2 4 |a Schools and Schooling.  |0 http://scigraph.springernature.com/things/product-market-codes/O52000 
650 2 4 |a Educational Policy and Politics.  |0 http://scigraph.springernature.com/things/product-market-codes/O19000 
650 2 4 |a Philosophy of Education.  |0 http://scigraph.springernature.com/things/product-market-codes/E25000 
710 2 |a SpringerLink (Online service) 
773 0 |t Springer eBooks 
776 0 8 |i Printed edition:  |z 9783030243968 
776 0 8 |i Printed edition:  |z 9783030243982 
776 0 8 |i Printed edition:  |z 9783030243999 
830 0 |a The Cultural and Social Foundations of Education 
856 4 0 |u https://doi.org/10.1007/978-3-030-24397-5  |z Full Text via HEAL-Link 
912 |a ZDB-2-EDA 
950 |a Education (Springer-41171)